| 000 | 01035cam a22003015a 4500 | ||
|---|---|---|---|
| 001 | 016485474 | ||
| 003 | OSt | ||
| 005 | 20150707110704.0 | ||
| 008 | 130807t2014 enka frb 001 0 eng d | ||
| 020 | _a9781292021195 (pbk.) | ||
| 020 | _a1292021195 (pbk.) | ||
| 040 |
_aUK-WkNB _beng _cUK-WkNB _dWlAbNL _dUk _dEG-ScBUE |
||
| 082 | 0 | 4 |
_a330.9 _bSTU _222 |
| 100 | 1 |
_aStutz, Frederick P. _928313 |
|
| 245 | 1 | 4 |
_aThe world economy : _bgeography, business, development / _cFredrick P. Stutz, Barney Warf. |
| 250 | _a6th ed., Pearson new international ed. | ||
| 260 |
_aHarlow : _bPearson Education Limited, _cc.2014. |
||
| 300 |
_aii, 493 p. : _bill. (some col.) ; _c28 cm. |
||
| 500 | _aIndex : p. 487-493. | ||
| 504 | _aIncludes bibliographical references. | ||
| 650 | 0 |
_aEconomic geography _vTextbooks. _2BUEsh |
|
| 650 | 0 |
_aEconomic history _y1990- _vTextbooks. _2BUEsh |
|
| 651 | _2BUEsh | ||
| 653 |
_bBUSECO _cJune2015 _cJuly2015 |
||
| 655 |
_vreading book _934232 |
||
| 700 | 1 |
_aWarf, Barney, _d1956- |
|
| 942 |
_2ddc _k330.9 STU |
||
| 999 |
_c19783 _d19755 |
||